[Event "Team Championship (men blitz)"]
[Site "Sochi"]
[Date "2017.10.05"]
[Round "7.6"]
[White "Sjugirov, Sanan"]
[Black "Pridorozhni, Aleksei"]
[Result "1-0"]
[LiveChessVersion "1.4.8"]
[BlackElo "2671"]
[WhiteElo "2637"]

1. d4 {[%clk 0:03:03]} d6 {[%clk 0:03:03]} 2. c4 {[%clk 0:02:58]} e5
{[%clk 0:03:04]} 3. Nc3 {[%clk 0:02:57]} Nf6 {[%clk 0:03:03]} 4. Nf3
{[%clk 0:02:52]} Nc6 {[%clk 0:03:04]} 5. d5 {[%clk 0:02:39]} Ne7 6. g3 g6
{[%clk 0:02:54]} 7. Bg2 {[%clk 0:02:42]} Bg7 {[%clk 0:02:55]} 8. O-O
{[%clk 0:02:39]} O-O {[%clk 0:02:55]} 9. e4 {[%clk 0:02:39]} a5 {[%clk 0:02:52]}
10. Ne1 {[%clk 0:02:39]} Nd7 {[%clk 0:02:48]} 11. Nd3 {[%clk 0:02:40]} f5
{[%clk 0:02:46]} 12. f4 {[%clk 0:02:41]} exf4 {[%clk 0:02:32]} 13. Bxf4
{[%clk 0:02:39]} b6 {[%clk 0:02:24]} 14. Qd2 {[%clk 0:02:33]} Ne5
{[%clk 0:02:07]} 15. Nxe5 {[%clk 0:02:20]} dxe5 {[%clk 0:01:51]} 16. Bg5
{[%clk 0:02:21]} Qd6 {[%clk 0:01:37]} 17. Nb5 {[%clk 0:02:08]} Qc5+
{[%clk 0:01:10]} 18. Kh1 {[%clk 0:02:03]} f4 {[%clk 0:00:18]} 19. d6
{[%clk 0:01:54]} Nc6 {[%clk 0:00:19]} 20. Qd5+ {[%clk 0:01:47]} Qxd5
{[%clk 0:00:18]} 21. exd5 {[%clk 0:01:48]} Nd4 {[%clk 0:00:14]} 22. Nxd4
{[%clk 0:01:45]} exd4 {[%clk 0:00:15]} 23. dxc7 {[%clk 0:01:45]} Bg4
{[%clk 0:00:06]} 24. Rxf4 {[%clk 0:01:41]} Rxf4 {[%clk 0:00:07]} 25. Bxf4
{[%clk 0:01:42]} Re8 {[%clk 0:00:03]} 26. h3 {[%clk 0:01:40]} Bd7
{[%clk 0:00:03]} 27. d6 {[%clk 0:01:38]} h6 {[%clk 0:00:00]} 1-0

[Event "Team Championship (men blitz)"]
[Site "Sochi"]
[Date "2017.10.05"]
[Round "7.7"]
[White "Jakovenko, Dmitry"]
[Black "Kovalev, Vladislav"]
[Result "0-1"]
[LiveChessVersion "1.4.8"]
[BlackElo "2527"]
[WhiteElo "2589"]

1. e4 e5 2. Nf3 Nc6 3. Bb5 {[%clk 0:03:05]} a6 {[%clk 0:03:07]} 4. Ba4
{[%clk 0:03:07]} Nf6 {[%clk 0:03:08]} 5. O-O {[%clk 0:03:08]} Be7
{[%clk 0:03:09]} 6. d3 {[%clk 0:03:09]} b5 {[%clk 0:03:11]} 7. Bb3
{[%clk 0:03:10]} O-O {[%clk 0:03:11]} 8. a4 {[%clk 0:03:11]} b4 {[%clk 0:03:11]}
9. Nbd2 {[%clk 0:03:09]} d6 {[%clk 0:03:10]} 10. Nc4 {[%clk 0:03:08]} Rb8
{[%clk 0:02:48]} 11. h3 {[%clk 0:02:48]} h6 {[%clk 0:02:43]} 12. c3
{[%clk 0:02:44]} bxc3 {[%clk 0:02:41]} 13. bxc3 {[%clk 0:02:45]} Be6
{[%clk 0:02:30]} 14. Ba2 {[%clk 0:02:42]} Nd7 {[%clk 0:02:00]} 15. Qe2
{[%clk 0:02:13]} Kh7 {[%clk 0:01:54]} 16. d4 {[%clk 0:02:04]} exd4
{[%clk 0:01:43]} 17. cxd4 {[%clk 0:02:04]} d5 {[%clk 0:01:38]} 18. Ncd2
{[%clk 0:01:08]} Nb4 {[%clk 0:01:07]} 19. exd5 {[%clk 0:00:58]} Nxd5
{[%clk 0:01:08]} 20. Qxa6 {[%clk 0:00:49]} Kh8 {[%clk 0:00:56]} 21. Bb1
{[%clk 0:00:36]} c5 {[%clk 0:00:38]} 22. a5 {[%clk 0:00:32]} Nc3 {[%clk 0:00:31]}
23. Bc2 {[%clk 0:00:29]} c4 {[%clk 0:00:33]} 24. Ne5 {[%clk 0:00:14]} Nxe5
{[%clk 0:00:32]} 25. dxe5 {[%clk 0:00:15]} Ne2+ {[%clk 0:00:33]} 26. Kh1
{[%clk 0:00:15]} Nxc1 {[%clk 0:00:34]} 27. Nxc4 {[%clk 0:00:13]} Qd4
{[%clk 0:00:22]} 28. Rfxc1 {[%clk 0:00:11]} Bxc4 {[%clk 0:00:22]} 29. Qc6
{[%clk 0:00:12]} Bd5 {[%clk 0:00:18]} 30. Qc7 {[%clk 0:00:11]} Rb7
{[%clk 0:00:18]} 0-1

[Event "Team Championship (men blitz)"]
[Site "Sochi"]
[Date "2017.10.05"]
[Round "7.8"]
[White "Yuffa, Daniil"]
[Black "Iljiushenok, Ilia"]
[Result "1-0"]
[LiveChessVersion "1.4.8"]
[BlackElo "2409"]
[WhiteElo "2542"]

1. d4 {[%clk 0:03:02]} Nf6 {[%clk 0:03:04]} 2. c4 {[%clk 0:03:04]} g6 3. g3 Bg7
{[%clk 0:03:04]} 4. Bg2 {[%clk 0:03:05]} O-O {[%clk 0:03:04]} 5. Nc3
{[%clk 0:03:06]} d6 {[%clk 0:03:05]} 6. Nf3 {[%clk 0:03:08]} Nc6 {[%clk 0:03:04]}
7. O-O {[%clk 0:03:08]} a6 {[%clk 0:03:06]} 8. Bf4 {[%clk 0:03:09]} Rb8
{[%clk 0:03:07]} 9. Rc1 {[%clk 0:03:10]} b5 {[%clk 0:03:08]} 10. Nd5
{[%clk 0:03:10]} bxc4 {[%clk 0:02:58]} 11. Nxf6+ {[%clk 0:03:11]} Bxf6
{[%clk 0:02:46]} 12. Rxc4 {[%clk 0:03:12]} Bd7 {[%clk 0:02:38]} 13. b3
{[%clk 0:03:13]} Na5 {[%clk 0:02:21]} 14. Rc1 {[%clk 0:03:12]} c6
{[%clk 0:02:16]} 15. Qd2 {[%clk 0:03:09]} Rb5 {[%clk 0:02:10]} 16. e4
{[%clk 0:03:07]} e5 {[%clk 0:01:35]} 17. dxe5 {[%clk 0:03:08]} dxe5
{[%clk 0:01:37]} 18. Bh6 {[%clk 0:03:08]} Re8 {[%clk 0:01:38]} 19. Rfd1
{[%clk 0:03:07]} Bg4 {[%clk 0:01:37]} 20. Qc3 {[%clk 0:02:52]} Qb6
{[%clk 0:01:33]} 21. Be3 {[%clk 0:02:48]} Qb8 {[%clk 0:01:22]} 22. h3
{[%clk 0:02:49]} Bxf3 {[%clk 0:01:22]} 23. Bxf3 {[%clk 0:02:50]} c5
{[%clk 0:01:20]} 24. Be2 {[%clk 0:02:48]} Rb4 {[%clk 0:01:14]} 25. Bxc5
{[%clk 0:02:45]} Rxe4 {[%clk 0:01:14]} 26. Bf3 {[%clk 0:02:45]} Rd4
{[%clk 0:00:51]} 27. Bxd4 {[%clk 0:02:46]} 1-0

[Event "Team Championship (men blitz)"]
[Site "Sochi"]
[Date "2017.10.05"]
[Round "7.9"]
[White "Artemiev, Vladislav"]
[Black "Dubov, Daniil"]
[Result "1-0"]
[LiveChessVersion "1.4.8"]
[BlackElo "2775"]
[WhiteElo "2729"]

1. b3 {[%clk 0:03:01]} e5 {[%clk 0:03:03]} 2. Bb2 {[%clk 0:03:03]} Nc6
{[%clk 0:03:04]} 3. e3 {[%clk 0:03:04]} g6 {[%clk 0:03:06]} 4. h4
{[%clk 0:03:06]} Nf6 {[%clk 0:03:06]} 5. h5 {[%clk 0:03:07]} g5 {[%clk 0:02:47]}
6. Bb5 {[%clk 0:02:58]} d6 {[%clk 0:02:42]} 7. d4 {[%clk 0:02:56]} Bd7
{[%clk 0:02:37]} 8. dxe5 {[%clk 0:02:09]} dxe5 {[%clk 0:02:03]} 9. Nf3
{[%clk 0:02:07]} Bb4+ {[%clk 0:02:04]} 10. Nbd2 {[%clk 0:01:28]} Ne4
{[%clk 0:01:45]} 11. a3 {[%clk 0:01:14]} Bc3 {[%clk 0:01:46]} 12. Qc1
{[%clk 0:01:12]} g4 {[%clk 0:01:44]} 13. Bd3 {[%clk 0:00:55]} gxf3
{[%clk 0:01:15]} 14. Bxe4 {[%clk 0:00:56]} fxg2 {[%clk 0:01:14]} 15. Bxg2
{[%clk 0:00:57]} Bxb2 {[%clk 0:01:11]} 16. Qxb2 {[%clk 0:00:58]} Qe7
{[%clk 0:01:11]} 17. O-O-O {[%clk 0:00:58]} O-O-O {[%clk 0:01:12]} 18. Nc4
{[%clk 0:00:51]} f6 {[%clk 0:01:12]} 19. Qc3 {[%clk 0:00:46]} Kb8
{[%clk 0:00:41]} 20. Kb2 {[%clk 0:00:47]} Bg4 {[%clk 0:00:27]} 21. Bxc6
{[%clk 0:00:30]} Rxd1 {[%clk 0:00:12]} 22. Rxd1 {[%clk 0:00:32]} Bxd1
{[%clk 0:00:12]} 23. Na5 {[%clk 0:00:33]} b6 {[%clk 0:00:13]} 24. Qc4
{[%clk 0:00:10]} Kc8 {[%clk 0:00:03]} 25. Bb7+ {[%clk 0:00:07]} Kd7
{[%clk 0:00:03]} 26. Bc6+ {[%clk 0:00:05]} Kd8 {[%clk 0:00:05]} 27. Qd5+
{[%clk 0:00:05]} Kc8 {[%clk 0:00:04]} 28. Bb7+ {[%clk 0:00:06]} Kb8
{[%clk 0:00:05]} 29. Nc6+ {[%clk 0:00:08]} Rg8 1-0

[Event "Team Championship (men blitz)"]
[Site "Sochi"]
[Date "2017.10.05"]
[Round "7.11"]
[White "Timofeev, Artyom"]
[Black "Savchenko, Boris"]
[Result "1/2-1/2"]
[LiveChessVersion "1.4.8"]
[BlackElo "2630"]
[WhiteElo "2619"]

1. e4 {[%clk 0:03:03]} c5 {[%clk 0:03:00]} 2. Nf3 {[%clk 0:03:03]} g6
{[%clk 0:03:00]} 3. c4 {[%clk 0:02:57]} d6 {[%clk 0:03:00]} 4. d4
{[%clk 0:02:51]} cxd4 {[%clk 0:03:00]} 5. Nxd4 {[%clk 0:02:52]} Nc6
{[%clk 0:03:01]} 6. Nc3 {[%clk 0:02:44]} Bg7 {[%clk 0:03:02]} 7. Be3
{[%clk 0:02:45]} Qb6 {[%clk 0:03:03]} 8. Nb3 {[%clk 0:02:28]} Bxc3+
{[%clk 0:03:03]} 9. bxc3 {[%clk 0:02:29]} Qc7 {[%clk 0:03:04]} 10. c5
{[%clk 0:02:22]} dxc5 {[%clk 0:03:05]} 11. Bxc5 {[%clk 0:02:20]} Nf6
{[%clk 0:02:50]} 12. f3 {[%clk 0:02:15]} O-O {[%clk 0:02:49]} 13. Be2
{[%clk 0:02:16]} Be6 {[%clk 0:02:46]} 14. O-O {[%clk 0:02:10]} Nh5
{[%clk 0:02:40]} 15. Be3 {[%clk 0:02:04]} Nf4 {[%clk 0:02:38]} 16. Nd4
{[%clk 0:01:57]} Rfd8 {[%clk 0:02:22]} 17. Qd2 {[%clk 0:01:33]} Nxe2+
{[%clk 0:02:11]} 18. Qxe2 {[%clk 0:01:34]} Ne5 {[%clk 0:02:10]} 19. Nxe6
{[%clk 0:01:32]} fxe6 {[%clk 0:02:10]} 20. f4 {[%clk 0:01:28]} Qc4
{[%clk 0:02:03]} 21. Qxc4 {[%clk 0:01:24]} Nxc4 {[%clk 0:02:04]} 22. Bd4
{[%clk 0:01:25]} b6 {[%clk 0:02:01]} 23. a4 {[%clk 0:01:23]} Rac8
{[%clk 0:02:02]} 24. Rfe1 {[%clk 0:01:13]} Kf7 {[%clk 0:02:00]} 25. Kf2
{[%clk 0:01:11]} Rd7 {[%clk 0:02:00]} 26. h3 {[%clk 0:01:10]} Na5
{[%clk 0:02:00]} 27. Red1 {[%clk 0:00:57]} Nb3 {[%clk 0:01:23]} 28. Ra3
{[%clk 0:00:57]} Na5 {[%clk 0:01:19]} 29. Raa1 {[%clk 0:00:58]} Nc6
{[%clk 0:01:07]} 30. Be3 {[%clk 0:00:54]} Rcd8 {[%clk 0:01:07]} 31. Rxd7
{[%clk 0:00:55]} Rxd7 {[%clk 0:01:08]} 32. Ke2 {[%clk 0:00:55]} Ke8
{[%clk 0:01:05]} 33. Rd1 {[%clk 0:00:52]} Rc7 {[%clk 0:01:06]} 34. g4
{[%clk 0:00:37]} e5 {[%clk 0:01:05]} 35. f5 {[%clk 0:00:29]} Na5 {[%clk 0:01:04]}
36. fxg6 {[%clk 0:00:28]} hxg6 {[%clk 0:01:05]} 37. Kd3 {[%clk 0:00:26]} Rd7+
{[%clk 0:00:29]} 38. Kc2 {[%clk 0:00:27]} Rc7 {[%clk 0:00:24]} 39. Kd3
{[%clk 0:00:22]} Rc8 {[%clk 0:00:23]} 40. Rh1 {[%clk 0:00:20]} Rd8+
{[%clk 0:00:23]} 41. Kc2 {[%clk 0:00:21]} Nc4 {[%clk 0:00:24]} 42. Bc1
{[%clk 0:00:22]} Nd6 {[%clk 0:00:25]} 43. Re1 {[%clk 0:00:23]} Kf7
{[%clk 0:00:26]} 44. h4 {[%clk 0:00:23]} Rc8 {[%clk 0:00:27]} 45. Kd3
{[%clk 0:00:24]} Rc4 {[%clk 0:00:27]} 46. h5 {[%clk 0:00:24]} Rxa4
{[%clk 0:00:20]} 47. Rf1+ {[%clk 0:00:23]} Kg7 {[%clk 0:00:21]} 48. h6+
{[%clk 0:00:24]} Kg8 {[%clk 0:00:23]} 49. Bg5 {[%clk 0:00:21]} Nxe4
{[%clk 0:00:19]} 50. Bxe7 {[%clk 0:00:21]} Nc5+ {[%clk 0:00:12]} 51. Bxc5
{[%clk 0:00:19]} bxc5 {[%clk 0:00:13]} 52. g5 {[%clk 0:00:20]} Rg4
{[%clk 0:00:13]} 53. Ra1 {[%clk 0:00:21]} c4+ {[%clk 0:00:11]} 54. Ke3
{[%clk 0:00:22]} Rxg5 {[%clk 0:00:12]} 55. Ke4 {[%clk 0:00:22]} Kh7
{[%clk 0:00:09]} 56. Rxa7+ {[%clk 0:00:21]} Kxh6 {[%clk 0:00:10]} 57. Kd5
{[%clk 0:00:22]} Rg4 {[%clk 0:00:07]} 58. Kxe5 {[%clk 0:00:23]} Rh4
{[%clk 0:00:08]} 59. Rc7 {[%clk 0:00:22]} g5 {[%clk 0:00:09]} 60. Kd5
{[%clk 0:00:23]} g4 {[%clk 0:00:07]} 61. Ke4 {[%clk 0:00:21]} Rh3
{[%clk 0:00:05]} 62. Kf4 {[%clk 0:00:21]} Kh5 {[%clk 0:00:06]} 63. Rxc4
{[%clk 0:00:19]} Rf3+ {[%clk 0:00:07]} 64. Ke4 {[%clk 0:00:20]} Rf8
{[%clk 0:00:08]} 65. Rc7 {[%clk 0:00:19]} g3 {[%clk 0:00:09]} 66. Rg7
{[%clk 0:00:19]} Kh4 {[%clk 0:00:11]} 67. c4 {[%clk 0:00:20]} Re8+
{[%clk 0:00:11]} 68. Kd5 {[%clk 0:00:21]} Rd8+ {[%clk 0:00:13]} 69. Ke6
{[%clk 0:00:21]} Rd4 {[%clk 0:00:12]} 70. c5 {[%clk 0:00:18]} Rg4
{[%clk 0:00:14]} 71. Rxg4+ {[%clk 0:00:16]} Kxg4 {[%clk 0:00:15]} 72. Kd5 1/2-1/2

[Event "Team Championship (men blitz)"]
[Site "Sochi"]
[Date "2017.10.05"]
[Round "7.12"]
[White "Bocharov, Dmitry"]
[Black "Hasangatin, Ramil"]
[Result "1-0"]
[LiveChessVersion "1.4.8"]
[BlackElo "2560"]
[WhiteElo "2653"]

1. c4 {[%clk 0:03:02]} e5 {[%clk 0:03:02]} 2. d3 {[%clk 0:03:02]} Nf6
{[%clk 0:02:54]} 3. Nf3 {[%clk 0:03:04]} Bb4+ {[%clk 0:02:48]} 4. Nbd2
{[%clk 0:03:04]} Qe7 {[%clk 0:02:45]} 5. a3 {[%clk 0:03:04]} Bxd2+
{[%clk 0:02:41]} 6. Bxd2 e4 7. dxe4 {[%clk 0:02:39]} Nxe4 {[%clk 0:02:44]} 8. Bf4
{[%clk 0:02:40]} d6 {[%clk 0:02:39]} 9. e3 {[%clk 0:02:35]} O-O {[%clk 0:02:38]}
10. Be2 {[%clk 0:02:35]} Bg4 {[%clk 0:02:36]} 11. h3 {[%clk 0:02:33]} Bh5
{[%clk 0:02:38]} 12. O-O {[%clk 0:02:32]} a5 {[%clk 0:02:32]} 13. Qd5
{[%clk 0:02:31]} Bg6 {[%clk 0:02:08]} 14. Qxb7 {[%clk 0:02:28]} Na6
{[%clk 0:02:01]} 15. Nd4 {[%clk 0:02:21]} Rfb8 {[%clk 0:01:37]} 16. Qd5
{[%clk 0:02:13]} Nf6 {[%clk 0:01:25]} 17. Qxa5 {[%clk 0:02:02]} Rxb2
{[%clk 0:01:12]} 18. Bf3 {[%clk 0:01:46]} Be4 {[%clk 0:01:11]} 19. Nc6
{[%clk 0:01:39]} Qe8 {[%clk 0:01:13]} 20. Bxe4 {[%clk 0:01:29]} Nxe4
{[%clk 0:01:11]} 21. Nd4 {[%clk 0:01:13]} Qc8 {[%clk 0:00:27]} 22. Qd5
{[%clk 0:01:07]} Nac5 {[%clk 0:00:21]} 23. Nc6 {[%clk 0:00:52]} Qe8
{[%clk 0:00:22]} 24. Nb4 {[%clk 0:00:45]} Nc3 {[%clk 0:00:21]} 25. Qf3
{[%clk 0:00:45]} Ne2+ {[%clk 0:00:17]} 26. Kh1 {[%clk 0:00:45]} Nxf4
{[%clk 0:00:17]} 27. Qxf4 {[%clk 0:00:45]} Rb3 {[%clk 0:00:18]} 28. Nd5
{[%clk 0:00:45]} Qd8 {[%clk 0:00:15]} 29. Rfb1 {[%clk 0:00:29]} Rxb1+
{[%clk 0:00:14]} 30. Rxb1 {[%clk 0:00:30]} Rxa3 {[%clk 0:00:15]} 31. Qh4
{[%clk 0:00:23]} f6 {[%clk 0:00:10]} 32. Qg4 {[%clk 0:00:22]} Ra8
{[%clk 0:00:08]} 33. h4 {[%clk 0:00:22]} Kh8 {[%clk 0:00:06]} 34. h5
{[%clk 0:00:24]} h6 {[%clk 0:00:06]} 35. Qf5 {[%clk 0:00:23]} Qc8
{[%clk 0:00:05]} 36. Qg6 {[%clk 0:00:24]} Rb8 {[%clk 0:00:05]} 37. Ra1
{[%clk 0:00:24]} Qd8 {[%clk 0:00:05]} 38. Nf4 {[%clk 0:00:24]} Qe8
{[%clk 0:00:05]} 39. Qf5 {[%clk 0:00:24]} Qc8 {[%clk 0:00:05]} 40. Ng6+
{[%clk 0:00:23]} 1-0

[Event "Team Championship (men blitz)"]
[Site "Sochi"]
[Date "2017.10.05"]
[Round "7.13"]
[White "Alekseenko, Kirill"]
[Black "Kezin, Roman"]
[Result "1-0"]
[LiveChessVersion "1.4.8"]
[BlackElo "2514"]
[WhiteElo "2586"]

1. e4 {[%clk 0:03:03]} c5 {[%clk 0:03:04]} 2. Nf3 {[%clk 0:03:04]} e6
{[%clk 0:03:05]} 3. d4 {[%clk 0:03:05]} cxd4 {[%clk 0:03:05]} 4. Nxd4
{[%clk 0:03:06]} Nc6 {[%clk 0:03:06]} 5. Nc3 {[%clk 0:03:07]} Qc7
{[%clk 0:03:07]} 6. Be2 {[%clk 0:03:09]} a6 {[%clk 0:03:08]} 7. O-O
{[%clk 0:03:08]} Nf6 {[%clk 0:03:09]} 8. Be3 {[%clk 0:03:08]} Be7
{[%clk 0:03:10]} 9. f4 {[%clk 0:03:08]} d6 {[%clk 0:03:11]} 10. Qe1
{[%clk 0:03:06]} O-O {[%clk 0:03:09]} 11. Qg3 {[%clk 0:03:07]} Nxd4
{[%clk 0:03:06]} 12. Bxd4 {[%clk 0:03:07]} b5 {[%clk 0:03:07]} 13. a3
{[%clk 0:03:08]} Bb7 {[%clk 0:03:07]} 14. Rae1 {[%clk 0:02:59]} Rad8
{[%clk 0:03:06]} 15. Kh1 {[%clk 0:02:56]} Rfe8 {[%clk 0:03:04]} 16. Bd3
{[%clk 0:02:48]} Rd7 {[%clk 0:03:04]} 17. e5 {[%clk 0:02:30]} dxe5
{[%clk 0:03:02]} 18. Bxe5 {[%clk 0:02:31]} Qd8 {[%clk 0:03:03]} 19. Ne4
{[%clk 0:02:21]} g6 {[%clk 0:01:21]} 20. Ng5 {[%clk 0:02:22]} Nh5
{[%clk 0:01:13]} 21. Qe3 {[%clk 0:02:18]} f6 {[%clk 0:00:59]} 22. Bc3
{[%clk 0:02:07]} Bf8 {[%clk 0:00:39]} 23. Nxe6 {[%clk 0:02:08]} Qa8
{[%clk 0:00:41]} 24. Qh3 {[%clk 0:02:05]} Rde7 {[%clk 0:00:33]} 25. f5
{[%clk 0:02:07]} Ng7 {[%clk 0:00:23]} 26. Bxf6 {[%clk 0:01:54]} Nxe6
{[%clk 0:00:17]} 27. Bxe7 {[%clk 0:01:32]} Rxe7 {[%clk 0:00:15]} 28. Rxe6
{[%clk 0:01:25]} Rg7 {[%clk 0:00:11]} 29. fxg6 {[%clk 0:01:20]} hxg6
{[%clk 0:00:10]} 30. Rxg6 {[%clk 0:01:19]} 1-0

[Event "Team Championship (men blitz)"]
[Site "Sochi"]
[Date "2017.10.05"]
[Round "7.14"]
[White "Antonenko, Vladimir"]
[Black "Alekseev, Evgeny"]
[Result "0-1"]
[LiveChessVersion "1.4.8"]
[BlackElo "2636"]
[WhiteElo "2423"]

1. d4 {[%clk 0:03:03]} Nf6 {[%clk 0:03:03]} 2. c4 {[%clk 0:03:04]} e6
{[%clk 0:03:05]} 3. Nf3 {[%clk 0:03:06]} d5 {[%clk 0:03:06]} 4. g3
{[%clk 0:03:07]} Bb4+ {[%clk 0:03:07]} 5. Bd2 {[%clk 0:03:08]} Bd6
{[%clk 0:03:08]} 6. Bg2 {[%clk 0:03:07]} O-O {[%clk 0:03:08]} 7. O-O
{[%clk 0:03:06]} c6 {[%clk 0:03:09]} 8. b3 {[%clk 0:03:01]} Ne4 {[%clk 0:03:07]}
9. Qc1 {[%clk 0:02:37]} Nxd2 {[%clk 0:02:59]} 10. Nbxd2 {[%clk 0:02:29]} b6
{[%clk 0:02:32]} 11. e4 {[%clk 0:02:22]} Bb7 {[%clk 0:02:33]} 12. Rd1
{[%clk 0:02:17]} Nd7 {[%clk 0:02:32]} 13. Qb2 {[%clk 0:01:55]} Rc8
{[%clk 0:02:30]} 14. Rac1 {[%clk 0:01:56]} Qe7 {[%clk 0:02:24]} 15. Qb1
{[%clk 0:01:49]} Ba3 {[%clk 0:02:22]} 16. Rc3 {[%clk 0:01:45]} Rfe8
{[%clk 0:02:07]} 17. h4 {[%clk 0:01:44]} h6 {[%clk 0:02:08]} 18. Re3
{[%clk 0:01:43]} Qf8 {[%clk 0:02:04]} 19. Rde1 {[%clk 0:01:38]} Bb4
{[%clk 0:01:57]} 20. Rd1 {[%clk 0:01:32]} c5 {[%clk 0:01:48]} 21. exd5
{[%clk 0:01:31]} exd5 {[%clk 0:01:47]} 22. Rxe8 {[%clk 0:01:25]} Rxe8
{[%clk 0:01:48]} 23. cxd5 {[%clk 0:01:25]} Bxd5 {[%clk 0:01:44]} 24. dxc5
{[%clk 0:01:08]} Bxc5 {[%clk 0:01:37]} 25. Nc4 {[%clk 0:00:30]} Nf6
{[%clk 0:01:25]} 26. Rd2 {[%clk 0:00:16]} Bxc4 {[%clk 0:01:14]} 27. bxc4
{[%clk 0:00:12]} Ne4 {[%clk 0:01:14]} 28. Re2 {[%clk 0:00:05]} Nxg3
{[%clk 0:00:58]} 29. Rxe8 {[%clk 0:00:05]} Qxe8 {[%clk 0:00:59]} 30. Qd3
{[%clk 0:00:04]} Ne4 {[%clk 0:00:54]} 31. Nd4 {[%clk 0:00:05]} Nxf2
{[%clk 0:00:45]} 32. Kxf2 {[%clk 0:00:05]} Qe5 {[%clk 0:00:46]} 33. Bd5
{[%clk 0:00:03]} Bxd4+ {[%clk 0:00:40]} 34. Kg2 {[%clk 0:00:05]} Kf8
{[%clk 0:00:28]} 35. Qf3 {[%clk 0:00:06]} Qf6 {[%clk 0:00:23]} 36. Qg3
{[%clk 0:00:06]} Be5 {[%clk 0:00:23]} 37. Qg4 {[%clk 0:00:07]} g6
{[%clk 0:00:22]} 38. h5 {[%clk 0:00:08]} Qf4 {[%clk 0:00:13]} 39. Qc8+
{[%clk 0:00:07]} Kg7 {[%clk 0:00:14]} 40. hxg6 {[%clk 0:00:07]} Qg3+
{[%clk 0:00:14]} 41. Kf1 {[%clk 0:00:09]} Qxg6 {[%clk 0:00:14]} 42. Kf2
{[%clk 0:00:09]} h5 {[%clk 0:00:14]} 43. Qh3 {[%clk 0:00:08]} Qg4
{[%clk 0:00:13]} 44. Qg2 {[%clk 0:00:07]} Bd4+ {[%clk 0:00:11]} 45. Ke1
{[%clk 0:00:06]} Kf8 {[%clk 0:00:11]} 46. Qe2 {[%clk 0:00:06]} Kg7
{[%clk 0:00:09]} 47. Qe8 {[%clk 0:00:05]} Qg1+ {[%clk 0:00:10]} 48. Kd2
{[%clk 0:00:05]} Qf2+ {[%clk 0:00:11]} 49. Kd3 {[%clk 0:00:06]} h4
{[%clk 0:00:09]} 50. Bxf7 {[%clk 0:00:06]} Qxf7 {[%clk 0:00:09]} 51. Qe4
{[%clk 0:00:04]} Bf6 {[%clk 0:00:09]} 52. Qg4+ {[%clk 0:00:05]} Qg6+
{[%clk 0:00:10]} 53. Kd4 0-1

[Event "Team Championship (men blitz)"]
[Site "Sochi"]
[Date "2017.10.05"]
[Round "7.15"]
[White "Usmanov, Vasily"]
[Black "Gubsky, Egor"]
[Result "1-0"]
[LiveChessVersion "1.4.8"]
[BlackElo "2369"]
[WhiteElo "2441"]

1. d4 {[%clk 0:03:03]} Nf6 {[%clk 0:03:03]} 2. c4 {[%clk 0:03:04]} e6
{[%clk 0:03:04]} 3. Nc3 {[%clk 0:03:06]} Bb4 {[%clk 0:03:05]} 4. e3
{[%clk 0:03:07]} O-O {[%clk 0:03:06]} 5. Nge2 {[%clk 0:03:08]} Re8
{[%clk 0:03:06]} 6. a3 {[%clk 0:03:09]} Bf8 {[%clk 0:03:06]} 7. Ng3
{[%clk 0:03:08]} d5 {[%clk 0:03:08]} 8. Bd3 {[%clk 0:03:09]} dxc4
{[%clk 0:03:08]} 9. Bxc4 {[%clk 0:03:10]} a6 {[%clk 0:03:10]} 10. O-O
{[%clk 0:03:10]} b5 {[%clk 0:03:11]} 11. Be2 {[%clk 0:03:06]} Bb7
{[%clk 0:03:12]} 12. Bf3 {[%clk 0:03:07]} Bxf3 {[%clk 0:03:11]} 13. Qxf3
{[%clk 0:03:08]} Nbd7 {[%clk 0:03:12]} 14. b4 {[%clk 0:02:46]} Nb6
{[%clk 0:03:11]} 15. Rd1 {[%clk 0:02:42]} Nfd5 {[%clk 0:03:06]} 16. e4
{[%clk 0:02:30]} Nxc3 {[%clk 0:03:02]} 17. Qxc3 {[%clk 0:02:30]} Nc4
{[%clk 0:02:59]} 18. Nf1 {[%clk 0:02:23]} a5 {[%clk 0:02:59]} 19. Rb1
{[%clk 0:02:19]} axb4 20. axb4 {[%clk 0:02:19]} Ra4 {[%clk 0:02:21]} 21. Ne3
{[%clk 0:02:18]} Nxe3 {[%clk 0:02:19]} 22. Bxe3 {[%clk 0:02:18]} Qe7
{[%clk 0:02:20]} 23. Rdc1 {[%clk 0:01:35]} Rxb4 {[%clk 0:02:16]} 24. Rxb4
{[%clk 0:01:35]} Qxb4 {[%clk 0:02:17]} 25. Qxc7 {[%clk 0:01:36]} Qa3
{[%clk 0:02:04]} 26. d5 {[%clk 0:01:26]} exd5 {[%clk 0:02:03]} 27. exd5
{[%clk 0:01:27]} h6 {[%clk 0:01:58]} 28. g3 {[%clk 0:01:19]} Bd6 {[%clk 0:01:47]}
29. Qd7 {[%clk 0:01:14]} Rxe3 {[%clk 0:00:52]} 30. Qc8+ {[%clk 0:01:06]} Kh7
{[%clk 0:00:37]} 31. Qf5+ {[%clk 0:01:03]} Kg8 {[%clk 0:00:37]} 32. Rc8+
{[%clk 0:01:04]} Bf8 {[%clk 0:00:37]} 33. fxe3 {[%clk 0:01:04]} Qxe3+
{[%clk 0:00:38]} 34. Kg2 {[%clk 0:01:05]} Qe2+ {[%clk 0:00:32]} 35. Qf2
{[%clk 0:00:47]} Qg4 {[%clk 0:00:32]} 36. Qc5 {[%clk 0:00:30]} Qe2+
{[%clk 0:00:33]} 37. Kg1 {[%clk 0:00:29]} Qe1+ {[%clk 0:00:34]} 38. Kg2
{[%clk 0:00:31]} Qe2+ {[%clk 0:00:34]} 39. Qf2 {[%clk 0:00:31]} Qg4
{[%clk 0:00:35]} 40. Rc7 {[%clk 0:00:31]} Qg6 {[%clk 0:00:30]} 41. Qf3
{[%clk 0:00:23]} b4 {[%clk 0:00:30]} 42. Rb7 {[%clk 0:00:23]} Qc2+
{[%clk 0:00:31]} 43. Kh3 {[%clk 0:00:24]} Qg6 {[%clk 0:00:23]} 44. g4
{[%clk 0:00:21]} Bc5 {[%clk 0:00:10]} 45. Rb8+ {[%clk 0:00:19]} Bf8
{[%clk 0:00:10]} 46. Qf5 {[%clk 0:00:19]} Qd6 {[%clk 0:00:09]} 47. Rb7
{[%clk 0:00:16]} Be7 {[%clk 0:00:10]} 48. Qc8+ {[%clk 0:00:16]} Kh7
{[%clk 0:00:09]} 49. Qf5+ {[%clk 0:00:17]} Kg8 {[%clk 0:00:10]} 50. Qc8+
{[%clk 0:00:17]} Kh7 {[%clk 0:00:12]} 51. Qc2+ {[%clk 0:00:18]} g6
{[%clk 0:00:08]} 52. Qe4 {[%clk 0:00:19]} Bf6 {[%clk 0:00:05]} 53. Rxf7+
{[%clk 0:00:19]} Bg7 {[%clk 0:00:05]} 54. Qe7 {[%clk 0:00:15]} Qxe7
{[%clk 0:00:03]} 55. Rxe7 {[%clk 0:00:16]} Kg8 {[%clk 0:00:05]} 56. Rb7
{[%clk 0:00:10]} Be5 {[%clk 0:00:04]} 57. Rxb4 {[%clk 0:00:10]} 1-0